Brandenburg - Quiz - Statistiken

Allgemein
  • Dieses Quiz wurde 5.924 mal gespielt
  • Das Durchschnittsergebnis liegt bei 10 aus 20
Antwortstatistiken
Hinweis Antwort % Korrekt
Hauptstadt Potsdam
98%
Nachbarland Polen
89%
Spree
86%
Cottbus
75%
Havel
74%
Oder
74%
Unternehmen das in Grünheide eine Gigafactory für Elektroautos baut Tesla
74%
Brandenburg
70%
Größte Flüsse Elbe
68%
Weitere Kreisfreie Städte Frankfurt
58%
Ehemaliger Fußball-Bundesligist Energie Cottbus
48%
Bramborska ist der Name Brandenburgs in dieser Landessprache Niedersorbisch
41%
Beliebtester deutscher Komiker aller ZeitenVicco von Bülow Loriot
40%
Region im Südosten Lausitz
36%
Bekannte Ballade von Theodor Fontane über einen Gutsherrn der Birnen an Kinder verschenkt Herr von Ribbeck auf Ribbeck im Havelland
28%
Ministerpräsident Dietmar Woidke
25%
Größte Kreisstadt Oranienburg
20%
Inoffizielle HymneSteige hoch, du roter Adler Märkische Heide
10%
Erster Markgraf von Brandenburg Albrecht I. der Bär
5%
Hier schlug der Große Kurfürst 1675 die Schweden vernichtend Fehrbellin
5%
Keine übereinstimmenden Quizze gefunden
Verteilung der Resultate
Anzahl Personen mit jedem Resultat
Perzentil nach korrekt beantworteten Fragen
Ihre Resultats-Entwicklung
Sie haben dieses Quiz noch nicht gespielt